SHAKESPEARE survey 67 Shakespeare's collaborative work
Saved in:
| Format: | Book |
|---|---|
| Language: | English |
| Published: |
Cambridge University Press
2014
|
| Tags: |
Add Tag
No Tags, Be the first to tag this record!
|
MARC
| LEADER | 00000nam a22000007a 4500 | ||
|---|---|---|---|
| 008 | 240312b |||||||| |||| 00| 0 eng d | ||
| 020 | |a 9781107417168 | ||
| 245 | |a SHAKESPEARE survey 67 |b Shakespeare's collaborative work |c Peter Holland |g xi,514p | ||
| 250 | |c HOLLAND Peter, HOENSELAARS Ton | ||
| 260 | |b Cambridge University Press |c 2014 |h Cambridge |i 699621 |i 699620 |l PR2976.Sh1 |m Shakespeare, William, 1564-1616-Criticism and interpretation | ||
| 500 | |a It includes index | ||
| 942 | |a lcc |c BK |e Adeyemo O.O |f 12/03/2024 | ||
| 952 | |0 0 |1 0 |2 lcc |4 0 |6 PR2976 S H1 |7 0 |9 4970 |a ART |b HOL |c LP |d 2024-03-12 |l 0 |o PR2976.Sh1 |p 2024-0221 |r 2024-03-12 00:00:00 |t 699621 |w 2024-03-12 |y BK | ||
| 952 | |0 0 |1 0 |2 lcc |4 0 |6 PR2976 S H1 |7 0 |9 4971 |a HOL |b HOL |c LP |d 2024-03-12 |l 0 |o PR2976.Sh1 |p 2024-0222 |r 2024-03-12 00:00:00 |t 699620 |w 2024-03-12 |y BK | ||
| 999 | |c 2467 |d 2467 | ||